| Registos Bibliográficos associados ao registo de autoridade |
|
Etiqueta de registo: 00254nam 2200025 450 001 2285380 003 http://id.bnportugal.gov.pt/bib/catbnp/2285380 100 ## $a20260428d1991 m y0pory01030103ba 101 0# $apor 102 ## $aPT 105 ## $aa b 000yy 200 1# $aSIBD - Porto$ecatálogo 1991$fed. Comicarte - Comossão de Jovens de Ramalde$gintrod. Paulo Amorim 210 #9 $aPorto$cComicarte,$d1991 215 ## $a53 [1] p.$cil.$d15 cm 317 ## $aColeção Leandro de Moraes Sarmento$5PTBN: L.M.S. 880 532 10 $aSalão Internacional de Banda Desenhada - Porto 675 ## $a741.5(083.82)$vBN$zpor$3568175 702 #1 $aAmorim,$bPaulo,$f1978-$4080$31040943 710 12 $aSalão Internacional de Banda Desenhada,$d6,$ePorto,$f1991$363224 712 02 $aComicarte - Comissão de Jovens de Rmalde$4340$31997121 801 #0 $aPT$bBN$gRPC 966 ## $lBN$mFGMON$pBiblioteca particular Leandro de Moraes Sarmento$sL.M.S. 880 $x3
|
|
|